Từ điển đông y Hán - Việt; T1 ( A - Ch )

Enregistré dans:
Détails bibliographiques
Auteur principal: Lê Quý Ngưu
Format: Livre
Langue:Undetermined
Publié: Huế Thuận Hóa 1999
Sujets:
Tags: Ajouter un tag
Pas de tags, Soyez le premier à ajouter un tag!
Thư viện lưu trữ: Trung tâm Học liệu Trường Đại học Cần Thơ
LEADER 00541nam a2200169Ia 4500
001 CTU_40019
008 210402s9999 xx 000 0 und d
082 |a 615.882 
082 |b Ng656/T1 
100 |a Lê Quý Ngưu 
245 0 |a Từ điển đông y Hán - Việt; T1 ( A - Ch ) 
245 0 |c Lê Quý Ngưu, Lương Tú Vân 
260 |a Huế 
260 |b Thuận Hóa 
260 |c 1999 
650 |a folk medicine - formulae, receipts, prescriptions 
980 |a Trung tâm Học liệu Trường Đại học Cần Thơ